000 00784nam a22001937a 4500
005 20240530110623.0
008 161228q199؟ ua afk|f b 000 0dara d
040 _aEG-CaGPL
_cEG-CaGPL
082 0 4 _221
_a741.6\
_bأ د
100 0 _aاحمد جمال احمد عيد
245 1 2 _aالدليل الشامل لمصممى الجرافيك :
_bدراسة حول اسس التصميم الجرافيكى /
_cاعداد احمد جمال احمد عيد
260 _aالقاهرة :
_bالمؤلف ،
_c[199-].
300 _a134 ص. :
_bايض ؛
_c24 سم.
504 _aيشتمل على ارجاعات ببليوجرافية
650 0 7 _2qrmak
_aالتصميم
653 0 4 _aالتصميم الجرافيكى
942 _2ddc
_cBK
999 _c63096
_d63096